French literature: A very short introduction (Record no. 395256)

MARC details
000 -LEADER
fixed length control field 00534 a2200193 4500
005 - DATE & TIME
control field 20260209105858.0
008 - FIXED-LENGTH DATA ELEMENTS--GENERAL INFORMATION
fixed length control field 260209b |||||||| |||| 00| 0 eng d
020 ## - ISBN
International Standard Book Number 9780199568727
Price Rs. 350.00
040 ## - CATALOGING SOURCE
Original cataloging agency VIVEKANANDA LIBRARY
082 ## - DDC NUMBER
Classification number 840.9
Book Number L995F
100 ## - MAIN ENTRY--PERSONAL NAME
Personal name Lyons, John D
245 ## - TITLE STATEMENT
Title French literature: A very short introduction
260 ## - PUBLICATION, DISTRIBUTION, ETC. (IMPRINT)
Name of publisher, distributor, etc Oxford University Press
Date of publication, distribution, etc 2010
Place of publication, distribution, etc New York
300 ## - PHYSICAL DESCRIPTION
Pages xii, 137
650 ## - Subject
Subject French Literature
650 ## - Subject
Subject Historical Surveys
650 ## - Subject
Subject Literature- Criticism
942 ## - ADDED ENTRY ELEMENTS (KOHA)
Koha item type Books
Holdings
Withdrawn status Lost status Source of classification or shelving scheme Damaged status Not for loan Location (home branch) Sublocation or collection (holding branch) Shelving location Date acquired Koha issues (times borrowed) Koha full call number Accession No. Koha date last seen Koha item type
    Dewey Decimal Classification     VIVEKANANDA LIBRARY VIVEKANANDA LIBRARY Vivekananda Library 22/01/2026   840.9 L995F 444471 22/01/2026 Books
© Designed and Maintained by Vivekananda Library, MDU Rohtak